Geografía por Imágenes- U - Estadísticas

Estadísticas generales
  • Esta prueba ha sido intentada 2.942 veces
  • La puntuación promedio es 9 de 18
Estadísticas de respuestas
Imagen Hint Respuesta % Correcto
país Uganda
97%
país Uruguay
89%
antiguo país Unión Soviética
87%
estado de los EE.UU. (en rojo) Utah
87%
cordillera Montes {Urales}
80%
país Ucrania
72%
país Uzbekistán
71%
capital Ulán Bator
65%
ciudad Utrecht
38%
región histórica (en verde) Úlster
33%
formación rocosa australiana Uluru
32%
ciudad alemana Ulm
29%
comarca Urgel
20%
ciudad sueca Upsala
19%
ciudad Ushuaia
14%
bulevar berlinés {Unter} {den} {Linden}
10%
isla alemana-polaca Usedom
8%
grupo lingüístico Lenguas {ugrofinesas}
7%
No se encontraron pruebas coincidentes
Distribución de puntuación
Porcentaje de gente con cada puntuación
Porcentaje por número respondido
Historial de tus puntuaciones
No has intentado esta prueba.